El Café en Colombia 1850-1970 : (Registro nro. 12658)

Detalles MARC
000 -LEADER
fixed length control field 01329nam a2200241Ia 4500
003 - CONTROL NUMBER IDENTIFIER
control field OSt
005 - DATE AND TIME OF LATEST TRANSACTION
control field 20211007125811.0
008 - FIXED-LENGTH DATA ELEMENTS--GENERAL INFORMATION
fixed length control field 210310s1979 ck am gr 000 0 spa d
040 ## - CATALOGING SOURCE
Original cataloging agency CO-JMCR
Transcribing agency CO-JMCR
041 0# - LANGUAGE CODE
Language code of text/sound track or separate title spa
082 04 - DEWEY DECIMAL CLASSIFICATION NUMBER
Classification number 338.17373 /
Item number P153c
Edition number 23
100 1# - MAIN ENTRY--PERSONAL NAME
Personal name Palacios, Marco,
Relator term autor
9 (RLIN) 28853
245 #0 - TITLE STATEMENT
Title El Café en Colombia 1850-1970 :
Remainder of title Una historia económica, social y política /
Statement of responsibility, etc. Marco Palacios
260 ## - PUBLICATION, DISTRIBUTION, ETC.
Place of publication, distribution, etc. Bogotá :
Name of publisher, distributor, etc. Presencia,
Date of publication, distribution, etc. 1979.
300 ## - PHYSICAL DESCRIPTION
Extent xiii, 429 páginas :
Other physical details ilustraciones y mapas en blanco y negro ;
Dimensions 21 cm.
501 ## - WITH NOTE
With note Con: notas a pie de página.
504 ## - BIBLIOGRAPHY, ETC. NOTE
Bibliography, etc. note Bibliografía : páginas 409-429.
505 0# - FORMATTED CONTENTS NOTE
Formatted contents note Laissez faire y Estado nación. -- La formación de una oligarquía. -- Tierra, trabajo y población. -- Haciendas: el ascenso Haciendas: consolidación y descenso. -- La regeneración y sus opositores. --La paz: del pesimismo a la euforia. -- Sobre la fábula de los baldíos. -- Ganadores y perdedores en la colonización del occidente. -- Un modelo liberal para El Príncipe. -- Tendencias de la estructura productiva: algunas consideraciones preliminares en base a los censos cafeteros de 1932 y 1970 .
650 14 - SUBJECT ADDED ENTRY--TOPICAL TERM
Topical term or geographic name entry element Café
General subdivision Exportaciones
9 (RLIN) 41011
650 24 - SUBJECT ADDED ENTRY--TOPICAL TERM
Topical term or geographic name entry element Café
General subdivision Porcentaje
9 (RLIN) 41012
650 24 - SUBJECT ADDED ENTRY--TOPICAL TERM
Topical term or geographic name entry element Exportaciones mundiales
General subdivision Café
9 (RLIN) 41013
942 ## - ADDED ENTRY ELEMENTS (KOHA)
Source of classification or shelving scheme Dewey Decimal Classification
Koha item type Books
Existencias
Withdrawn status Lost status Source of classification or shelving scheme Damaged status Not for loan Home library Current library Shelving location Date acquired Source of acquisition Full call number Barcode Date last seen Copy number Price effective from Koha item type
    Dewey Decimal Classification     Biblioteca Pública José María del Castillo y Rada Biblioteca Pública José María del Castillo y Rada General Stacks 04/15/2018 Donación 338.17373 / P153c 430013256 05/16/2024 Ej.1 03/10/2021 Books